Plant-environment interactions
Contents: Genetic manipulation; the role of plant hormones; acid soil plant development; mineral; isoprenoid biosynthesis; evironmental efféct of cold on plants.
Bewaard in:
| Formaat: | Boek |
|---|---|
| Taal: | Undetermined |
| Gepubliceerd in: |
New York
Marcel Dekker
1994
|
| Onderwerpen: | |
| Tags: |
Voeg label toe
Geen labels, Wees de eerste die dit record labelt!
|
| Thư viện lưu trữ: | Trung tâm Học liệu Trường Đại học Cần Thơ |
|---|
| LEADER | 00662nam a2200181Ia 4500 | ||
|---|---|---|---|
| 001 | CTU_138347 | ||
| 008 | 210402s9999 xx 000 0 und d | ||
| 082 | |a 581.5 | ||
| 082 | |b P713 | ||
| 245 | 0 | |a Plant-environment interactions | |
| 245 | 0 | |c Robert E. Wilkinson edited by | |
| 260 | |a New York | ||
| 260 | |b Marcel Dekker | ||
| 260 | |c 1994 | ||
| 520 | |a Contents: Genetic manipulation; the role of plant hormones; acid soil plant development; mineral; isoprenoid biosynthesis; evironmental efféct of cold on plants. | ||
| 650 | |a Plant ecology,Sinh thái thực vật | ||
| 904 | |i Tuyến | ||
| 980 | |a Trung tâm Học liệu Trường Đại học Cần Thơ | ||